Accounting standards V.1 : cash flow statements, segments reporting (Record no. 189691)
[ view plain ]
| 000 -LEADER | |
|---|---|
| fixed length control field | 00516nam a2200157Ia 4500 |
| 008 - FIXED-LENGTH DATA ELEMENTS--GENERAL INFORMATION | |
| fixed length control field | 231217s9999 xx 000 0 und d |
| 020 ## - INTERNATIONAL STANDARD BOOK NUMBER | |
| International Standard Book Number | 8178810115 |
| 041 ## - LANGUAGE CODE | |
| Language code of text/sound track or separate title | English |
| 082 ## - DEWEY DECIMAL CLASSIFICATION NUMBER | |
| Classification number | 657 SEE.1;5 |
| 100 ## - MAIN ENTRY--PERSONAL NAME | |
| Personal name | Seethapathi, K ed. Srinivas, N. Padmavathi, C [et al...] |
| 245 #0 - TITLE STATEMENT | |
| Title | Accounting standards V.1 : cash flow statements, segments reporting |
| 260 ## - PUBLICATION, DISTRIBUTION, ETC. | |
| Date of publication, distribution, etc. | 2001 |
| Name of publisher, distributor, etc. | Icfai |
| Place of publication, distribution, etc. | Hyderabad |
| 300 ## - PHYSICAL DESCRIPTION | |
| Extent | vii, 214+A14 |
| 650 ## - SUBJECT ADDED ENTRY--TOPICAL TERM | |
| Topical term or geographic name entry element | Accounting,standards,V.1,cash,flow,statements,,segments,reporting |
| 942 ## - ADDED ENTRY ELEMENTS (KOHA) | |
| Koha item type | Books |
| Date last seen | Total checkouts | Full call number | Accession number | Cost, total (INR) price | Price effective from | Category | Public note | Lost status | Damaged status | Department | Withdrawn status | Home library | Current library | Shelving location | Entry date | Vendor | Cost, normal purchase price | Grants | Billnumber | Billdate | Currency symbol | Conversion rate | Discount | Old discount |
|---|---|---|---|---|---|---|---|---|---|---|---|---|---|---|---|---|---|---|---|---|---|---|---|---|
| 26/01/2024 | 657 SEE.1;5 | 66560 | 38.00 | 26/01/2024 | Books | 66560 | Central Library | Central Library | Central Library | Central Library | 23/10/2010 | ICFAI Press | 38.00 | MBA | 1993 | 27/10/2014 | RS | 1 | ||||||
| 26/01/2024 | 657 SEE.1;6 | 66561 | 38.00 | 26/01/2024 | Books | 66561 | Central Library | Central Library | Central Library | Central Library | 23/10/2010 | ICFAI Press | 38.00 | MBA | 1993 | 27/10/2014 | RS | 1 |
